[Event "SVK ECo-C Extraliga 2018-19"]
[Site "Slovakia"]
[Date "2018.12.09"]
[Round "4"]
[White "Petenyi, Tamas"]
[Black "Jablonicky, Martin"]
[Result "1/2-1/2"]
[WhiteElo "2428"]
[BlackElo "2330"]
[Annotator "TA"]
[PlyCount "108"]
[EventDate "2018.11.10"]
[EventType "team-tourn"]
[EventCountry "SVK"]
[SourceTitle "playchess.com"]
[Source "ChessBase"]
[SourceQuality "1"]
[WhiteTeam "Streda"]
[BlackTeam "Osuske"]

{[%evp 19,108,17,19,25,16,6,47,0,0,-16,0,0,0,0,0,0,-3,-46,0,0,0,0,0,-8,0,0,0,0,6,0,24,6,8,14,18,10,20,19,26,21,18,0,0,0,14,7,56,29,33,22,31,34,33,21,25,13,13,8,8,8,14,15,14,8,8,8,12,13,17,19,37,0,0,0,0,0,0,0,12,0,1126,0,0,0,0,0,0,0,0,0,0]} 1. Nf3 Nf6 2. g3 g6 3. Bg2 Bg7 4. O-O O-O 5. c4 d6 6. Nc3 e5 7. d3 Nc6 8. Rb1 Nd4 9. Nxd4 exd4 10. Nb5 {A26: English Opening vs King's Indian with ...Nc6 and d3} Nd7 {[%cal Bf6d7,Bd7c5,Bc5a4,Ba4b2][%mdl 32] LiveBook: 3 Games} 11. b4 (11. e3 dxe3 12. Bxe3 Ne5 13. Qc2 Bf5 14. Rbd1 Qc8 15. Nd4 Bh3 16. Rfe1 Bxg2 17. Kxg2 Re8 {½-½ (81) Bocharov,D (2583)-Mchedlishvili,M (2603) Riadh 2017}) 11... a6 12. Na3 a5 $146 ({Predecessor:} 12... Re8 13. Nc2 Rb8 14. Bb2 c5 15. e3 dxe3 16. Nxe3 Ne5 17. d4 cxd4 18. Bxd4 {0-1 (39) Dinstuhl,V (2320)-Wharton,W (2265) Budapest 1992}) 13. bxa5 (13. b5 $14) 13... Rxa5 $11 14. Bxb7 Bxb7 15. Rxb7 Nc5 16. Rb5 Ra6 17. Nc2 Rxa2 18. Bb2 Na4 19. Qb1 ({Don't play} 19. Bxd4 Bxd4 20. Nxd4 Nc3 $17) 19... Rxb2 20. Rxb2 Nxb2 21. Qxb2 c5 22. Rb1 Re8 23. Ne1 d5 24. Rc1 Qa8 25. cxd5 Qxd5 26. Nf3 Bf8 27. Rc2 Ra8 28. Nd2 Ra4 29. Ne4 Kg7 30. Nd2 Qa8 31. f3 h5 32. Kg2 Qa5 33. Nc4 (33. Ne4 {keeps more tension.} Qc7 34. Qb5 Ra5 35. Qe8 Ra7 36. h4) 33... Qa6 34. Qb6 Qxb6 35. Nxb6 {[%mdl 4096] Endgame KRB-KRN} Ra6 36. Nc4 g5 37. h3 Be7 38. g4 hxg4 39. hxg4 Re6 40. Kf1 Kg6 41. Rb2 f5 42. Kg2 Bd8 43. Rb8 Bc7 44. Rg8+ Kh6 45. gxf5 Rxe2+ 46. Kf1 Re7 $1 47. Rg6+ Kh5 48. Rc6 Bg3 49. f6 Re1+ 50. Kg2 {[#] f7 would kill now.} Kh4 $1 {The position is equal.} 51. f7 {[%cal Rc6h6]} Re2+ 52. Kg1 {[%cal Rc6h6]} Re1+ 53. Kg2 {[%cal Rc6h6]} Re2+ 54. Kg1 {[%cal Rc6h6] [#]} Re1+ {Accuracy: White = 57%, Black = 50%.} 1/2-1/2

[Event "SVK ECo-C Extraliga 2018-19"]
[Site "Slovakia"]
[Date "2018.12.09"]
[Round "4"]
[White "Vykouk, Jan"]
[Black "Vajda, Levente"]
[Result "1/2-1/2"]
[WhiteElo "2423"]
[BlackElo "2551"]
[Annotator "TA"]
[PlyCount "135"]
[EventDate "2018.11.10"]
[EventType "team-tourn"]
[EventCountry "SVK"]
[SourceTitle "playchess.com"]
[Source "ChessBase"]
[SourceQuality "1"]
[WhiteTeam "Osuske"]
[BlackTeam "Streda"]

{[%evp 25,135,35,82,32,41,45,45,24,16,17,21,20,22,26,36,13,25,0,0,0,0,-22,-24,-51,-55,-58,-79,-66,-67,-65,-70,-60,-67,-60,-62,-58,-56,-118,-90,-366,-93,-102,-92,-83,-87,-79,-52,-64,-52,-41,-45,-452,-6,-44,-53,-62,-62,-70,0,0,0,0,14,0,0,0,12,0,2,-14,0,0,25,0,35,34,101,0,25,0,0,0,48,0,24,0,54,13,53,35,41,34,37,0,10,0,0,0,0,0,0,0,77,0,0,0,74,0,0,0,72,0]} 1. e4 e5 2. Nf3 Nc6 3. Bb5 a6 4. Ba4 Nf6 5. O-O Be7 6. d3 d6 7. c3 O-O 8. Re1 b5 9. Bc2 Re8 10. Nbd2 {C84: Closed Ruy Lopez: Unusual White 6th moves} Bf8 11. Nf1 g6 (11... Bb7 12. Bg5 h6 13. Bh4 Nb8 14. a4 Nbd7 15. b4 d5 16. N1d2 dxe4 17. dxe4 {½-½ (42) Motylev,A (2675)-Mamedyarov,S (2791) Sochi 2017}) 12. Ng3 Bg7 13. h3 d5 {LiveBook: 3 Games} 14. Bg5 {[#]} d4 $146 ({Predecessor:} 14... Be6 15. d4 h6 16. dxe5 Nxe5 17. Bf4 Nc6 18. e5 Nd7 19. Qd2 {1-0 (34) Najer,E (2663)-Aleksandrov,A (2605) Sochi 2015}) 15. Qd2 Qd6 16. cxd4 Nxd4 17. Nxd4 Qxd4 18. Bb3 Be6 19. Bxe6 Rxe6 {[%cal Be8e6,Be6d6,Bd6d4][%mdl 32]} 20. Rac1 Qd7 21. Qa5 Ne8 22. Red1 Rd6 23. Rc3 Rd4 24. b4 Bf8 $1 $36 {[%cal Rf8b4][%mdl 2048] Black is more active.} 25. a3 h6 26. Be3 Be7 $1 {[%cal Re7d8]} 27. Rdc1 $1 (27. Bxh6 $2 Bd8 $19) 27... Rxd3 28. Rxd3 Qxd3 29. Rc6 $1 Bh4 {Hoping for ...Bxg3.} 30. Nf1 $1 Qe2 31. g3 (31. a4 $15) 31... Be7 32. Bxh6 $2 {[%mdl 8192]} (32. a4 $17) 32... Rd8 $2 (32... Qxe4 33. Rxa6 Rb8 34. Nd2 $15) (32... g5 $1 $19 {is more deadly. Threatens to win with ...Rd8.} 33. Ne3 (33. Rxa6 $2 Rd8 $19) 33... Qe1+ 34. Kg2 Rd8) 33. Rc1 $17 Rd6 (33... Qxe4 $6 34. Qxa6 Kh7 35. Be3 $11) 34. Be3 Bd8 35. Bc5 Rf6 36. a4 Be7 $1 37. Be3 $1 (37. Bxe7 {leads to mate.} Rxf2 38. Qxb5 axb5 39. Bc5 Rg2+ 40. Kh1 Qf3 41. Nh2 Qxg3 42. Bg1 Re2 43. Bf2 Rxf2 44. axb5 Rxh2#) 37... Bf8 {And now ...Bh6! would win.} 38. axb5 $2 {[%mdl 8192] [#]} (38. Ra1 $1 $15) 38... Qxb5 $2 (38... Bh6 $1 $19 {[%cal Rh6e3][%mdl 512] White must now prevent ...Bxe3.} 39. Qa3 (39. Bxh6 $2 Rxf2 40. Qa2 Qxa2 $19) 39... Rf3) 39. Qa1 Bxb4 40. Nh2 Re6 41. Ng4 Qa5 (41... c6 $15) 42. Qb2 $11 Qa3 43. Qe2 Bf8 44. Rb1 Bg7 45. Rb8 Kh7 46. Qc4 Qd6 47. Bg5 Qd4 48. Qc2 a5 49. Ra8 Qa1+ 50. Kg2 Qe1 (50... Nd6 $14) 51. Be3 (51. Rb8 $1 $16) 51... Qb4 (51... Rd6 $5 {[%cal Rd6d1]} 52. Rxe8 Rd1 $11) 52. Bd2 Qb7 53. Rxa5 Nd6 54. Ra4 Nb5 55. Rb4 c6 (55... Rb6 $11) 56. Qc1 Bf8 57. Rb1 Qd7 58. Bb4 Bg7 $1 59. Qg5 Qd3 60. Re1 Nd4 61. Qh4+ Kg8 {Strongly threatening ...Nf3.} 62. Qd8+ Kh7 63. Re3 Qb1 (63... Qb5 $11 {keeps the balance.} 64. Bd2 f6) 64. Qh4+ (64. Bc3 $1 $16) 64... Kg8 65. Qd8+ ({Better is} 65. Bd2 $11) 65... Kh7 $16 {[#]} 66. Qh4+ ({White should try} 66. Bc3 $1 $16) 66... Kg8 $11 67. Qd8+ ({White should play} 67. Bc5 $11) 67... Kh7 $16 {[#]} 68. Qh4+ {Accuracy: White = 37%, Black = 57%.} (68. Bc3 $1 $16) 1/2-1/2

[Event "SVK ECo-C Extraliga 2018-19"]
[Site "Slovakia"]
[Date "2018.12.09"]
[Round "4"]
[White "Berezjuk, Sergej"]
[Black "Nemeth, Miklos"]
[Result "1/2-1/2"]
[WhiteElo "2421"]
[BlackElo "2483"]
[Annotator "TA"]
[PlyCount "53"]
[EventDate "2018.11.10"]
[EventType "team-tourn"]
[EventCountry "SVK"]
[SourceTitle "playchess.com"]
[Source "ChessBase"]
[SourceQuality "1"]
[WhiteTeam "Osuske"]
[BlackTeam "Streda"]

{[%evp 27,53,18,16,14,11,0,6,0,0,0,0,0,12,0,36,4,5,10,0,0,12,0,0,0,3,0,0,-8]} 1. e4 e5 2. Nf3 Nc6 3. d4 exd4 4. Nxd4 Nf6 5. Nc3 Bb4 6. Nxc6 bxc6 7. Bd3 d5 8. exd5 cxd5 9. O-O O-O 10. h3 {C47: Scotch Four Knights and Four Knights with 4 g3} c6 11. Qf3 Rb8 (11... Bd6 12. Bf4 Be6 13. Rfe1 Bxf4 14. Qxf4 Qb8 15. Qxb8 Raxb8 16. Na4 Nd7 17. b3 c5 {½-½ (35) Nakamura,H (2777)-So,W (2780) Saint Louis 2018}) 12. Bf4 Bd6 13. b3 Rb4 14. Bxd6 Qxd6 {LiveBook: 36 Games} 15. Rfe1 Bd7 16. Ne2 $146 ({Predecessor:} 16. Rad1 a5 17. Qg3 Qxg3 18. fxg3 {½-½ (35) Venkatesh,M (2428)-Sindarov,J (2422) Johor 2017}) 16... a5 17. c3 Rbb8 18. Qf4 Qxf4 19. Nxf4 Rfe8 (19... g5 $5 20. Ne2 $8 c5 $11) 20. f3 a4 21. Bc2 axb3 {The position is equal.} 22. Bxb3 Kf8 23. h4 Re7 24. Kf2 Ne8 25. g4 Nd6 26. Rxe7 Kxe7 27. Re1+ {Accuracy: White = 30%, Black = 65%.} 1/2-1/2

[Event "SVK ECo-C Extraliga 2018-19"]
[Site "Slovakia"]
[Date "2018.12.09"]
[Round "4"]
[White "Mazur, Stefan"]
[Black "Piorun, Kacper"]
[Result "0-1"]
[WhiteElo "2411"]
[BlackElo "2634"]
[Annotator "TA"]
[PlyCount "68"]
[EventDate "2018.11.10"]
[EventType "team-tourn"]
[EventCountry "SVK"]
[SourceTitle "playchess.com"]
[Source "ChessBase"]
[SourceQuality "1"]

{[%evp 17,68,34,50,44,53,47,88,83,101,31,29,35,47,50,46,8,58,39,55,34,52,16,36,0,0,0,0,0,27,27,28,19,22,14,12,14,16,0,0,-8,-8,-97,-110,-107,0,0,0,0,0,0,0,0,0]} 1. e4 g6 2. d4 Bg7 3. Nc3 c6 4. f4 d5 5. e5 Qb6 6. Rb1 {B15: Caro-Kann: 3 Nc3: 3...g6 and 3...dxe4 4 Nxe4 Nf6 5 Nxf6+ exf6} Nh6 7. Nf3 Bg4 8. Be3 Nf5 $146 ({Predecessor:} 8... f6 9. h3 Bxf3 10. Qxf3 fxe5 11. fxe5 Nf5 12. Bd3 O-O 13. Bxf5 Rxf5 14. Qe2 Na6 15. g4 {½-½ (44) Andriasian,Z (2611)-Aronian,L (2815) Dubai 2014}) 9. Bf2 h5 {LiveBook: 3 Games} 10. h3 Bxf3 $1 11. Qxf3 h4 12. Bd3 e6 13. Bxf5 (13. O-O $16) 13... gxf5 $14 14. O-O Nd7 15. b3 Bf8 16. Qd3 Qa5 17. Ne2 b5 18. Kh1 Be7 19. Ng1 c5 20. c4 (20. c3 {feels hotter.} c4 21. bxc4 bxc4 22. Qd2 Qc7 23. Rb2) 20... bxc4 21. bxc4 Qxa2 22. dxc5 Bxc5 (22... Qxc4 {looks sharper.} 23. Qf3 Nxc5 24. Rfc1 Qa2 25. Ra1 Qb2) 23. cxd5 Qxd5 24. Qxd5 exd5 25. Nf3 Bxf2 26. Rxf2 Nc5 27. Rc2 Ne6 28. Rb7 a5 29. Ng5 (29. Ra2 $11) 29... Nxg5 $17 ({Wrong is} 29... Nxf4 $2 30. Rcc7 $18) 30. fxg5 {[%cal Bf4g5,Bg5g6][%mdl 32] [#]} a4 ({Better is} 30... O-O $1 $17 31. Kg1 a4) 31. g6 $11 {The position is equal.} O-O {[#] ...a3 is the strong threat.} 32. e6 $1 {[%cal Rg6f7][%mdl 512]} fxe6 {White must now prevent ...Rfc8.} 33. Rcc7 $1 {[%cal Rc7g7] White threatens Rg7+ and mate.} Rf6 34. Rg7+ $1 Kf8 {[%mdl 32768] Accuracy: White = 49%, Black = 41%. . Sensor Board Error (Ke4/e5)?} 0-1

[Event "SVK ECo-C Extraliga 2018-19"]
[Site "Slovakia"]
[Date "2018.12.09"]
[Round "4"]
[White "Roubalik, Jakub"]
[Black "Kociscak, Jiri"]
[Result "*"]
[WhiteElo "2410"]
[BlackElo "2484"]
[Annotator "TA"]
[PlyCount "24"]
[EventDate "2018.11.10"]
[EventType "team-tourn"]
[EventCountry "SVK"]
[SourceTitle "playchess.com"]
[Source "ChessBase"]
[SourceQuality "1"]
[WhiteTeam "Dubnica"]
[BlackTeam "Zilina"]

{[%evp 23,24,20,40]} 1. e4 e5 2. Nf3 Nc6 3. Bb5 a6 4. Ba4 Nf6 5. O-O Be7 6. Re1 b5 7. Bb3 O-O 8. h3 Bb7 9. d3 d6 10. a3 Nb8 11. Nbd2 {C88: Closed Ruy Lopez: Anti-Marshall Systems} Nbd7 12. Nf1 c5 $146 {LiveBook: 8 Games} ({Predecessor:} 12... Re8 13. Ng3 Bf8 14. Ng5 d5 15. exd5 Nc5 16. c4 Nxb3 17. Qxb3 c6 18. dxc6 Bxc6 19. cxb5 {0-1 (44) Zhigalko,S (2656)-Carlsen,M (2850) Berlin 2015}) *

[Event "SVK ECo-C Extraliga 2018-19"]
[Site "Slovakia"]
[Date "2018.12.09"]
[Round "4"]
[White "Kourousis, Epaminondas"]
[Black "Zilka, Stepan"]
[Result "0-1"]
[WhiteElo "2392"]
[BlackElo "2530"]
[Annotator "TA"]
[PlyCount "108"]
[EventDate "2018.11.10"]
[EventType "team-tourn"]
[EventCountry "SVK"]
[SourceTitle "playchess.com"]
[Source "ChessBase"]
[SourceQuality "1"]
[WhiteTeam "Komarno"]
[BlackTeam "Prakovce"]

{[%evp 13,108,0,23,-12,25,-15,25,-8,-6,-11,-2,-7,-7,-12,-4,0,0,-9,0,-11,0,0,0,0,0,0,7,0,-3,0,31,29,13,19,19,27,24,-14,-14,-14,-15,-14,-13,-16,-16,-16,-14,-16,-8,-16,-16,-19,-8,-8,-8,-14,-8,-245,-243,-205,-210,-183,-231,-236,-235,-235,-231,-231,-231,-231,-231,-231,-231,-333,-331,-428,-380,-344,-231,-491,-472,-652,-599,-1918,-1883,-2102,-2035,-1835,-1873,-1746,-1498,-955,-1251,-2493,-1879,-1089,-932]} 1. d4 d5 2. c4 e6 3. Nf3 a6 4. Bg5 (4. b3 Nf6 5. e3 dxc4 6. bxc4 c5 7. Bd3 cxd4 8. exd4 Bb4+ 9. Nbd2 O-O 10. Bb2 b5 11. c5 Bxc5 12. Bxh7+ Nxh7 13. dxc5 {½-½ (30) Artemiev,V (2706)-Rakhmanov,A (2634) Sochi 2018}) 4... Be7 5. Bxe7 Qxe7 6. e3 {D30: Queen's Gambit Declined: Systems without Nc3} Nf6 7. Nc3 O-O {LiveBook: 4 Games} 8. Rc1 {White has an edge.} Nbd7 9. a3 $146 ({Predecessor:} 9. cxd5 exd5 10. Bd3 c5 11. dxc5 Nxc5 12. Bb1 Rd8 13. h3 {½-½ (43) Butnorius,A (2398)-Warszawski,B (2296) Warsaw 2011}) 9... h6 10. Qc2 dxc4 11. Bxc4 b5 12. Be2 c5 13. dxc5 Qxc5 14. O-O Bb7 15. Rfd1 Rac8 16. Qd2 Ne5 17. Nd5 Qxd5 18. Qxd5 Nxd5 19. Nxe5 Nb6 20. Bf3 Bxf3 21. gxf3 Na4 22. Rxc8 Rxc8 $14 {[%mdl 4096] Endgame KRN-KRN} 23. b3 Nc3 24. Rd6 a5 25. Rc6 Rxc6 26. Nxc6 $11 {KN-KN} a4 27. bxa4 bxa4 28. Ne5 Kf8 29. Kf1 Ke7 30. Nc4 Kf6 31. Ke1 Kg5 32. Kf1 Kh4 33. Kg2 g5 34. Ne5 Nb5 35. Nd3 $2 (35. Nc4 $11 {and White has nothing to worry.}) 35... Nxa3 $19 {Strongly threatening ...Nc2.} 36. Nc5 Nc2 {[#] ...a3 is the strong threat.} 37. Nxa4 Ne1+ 38. Kf1 Nxf3 39. Kg2 Ne1+ 40. Kf1 Nd3 41. Kg2 g4 42. Nc3 h5 {[%cal Bh6h5,Bh5h4,Bh4h3][%mdl 32]} 43. Ne4 (43. Kg1 {was worth a try.}) 43... f5 44. Ng3 Kg5 45. Ne2 h4 46. Nc3 $2 {[#]} (46. Kf1) 46... Kf6 {Black is clearly winning.} 47. Nd1 Ne1+ 48. Kh1 h3 49. Nc3 Ke5 50. Kg1 Nf3+ 51. Kh1 Ng5 52. Kg1 Kd6 53. Kh1 Kc5 54. Ne2 Kc4 {Accuracy: White = 51%, Black = 68%.} 0-1

[Event "SVK ECo-C Extraliga 2018-19"]
[Site "Slovakia"]
[Date "2018.12.09"]
[Round "4"]
[White "Rojicek, Vojtech"]
[Black "Miton, Kamil"]
[Result "1/2-1/2"]
[WhiteElo "2389"]
[BlackElo "2588"]
[Annotator "TA"]
[PlyCount "118"]
[EventDate "2018.11.10"]
[EventType "team-tourn"]
[EventCountry "SVK"]
[SourceTitle "playchess.com"]
[Source "ChessBase"]
[SourceQuality "1"]

{[%evp 22,118,-30,-47,13,0,9,15,29,15,54,70,118,-76,-69,-66,-61,-86,-87,-87,-87,-87,-78,-91,-51,-62,-25,-27,-33,-29,-27,-47,-46,-33,-42,-42,-40,-33,-39,-33,-33,-63,-15,-12,-14,-28,-34,-90,-90,-90,-90,-83,-12,-12,-12,-104,-75,-75,0,-104,0,-75,-75,-93,-93,-93,-93,-93,-93,-93,-93,-93,-93,-93,-93,-93,-93,-93,-93,-93,-93,-93,-93,-93,-93,-93,-93,-93,-93,-93,-93,-93,-93,-93,0,-93,0,-93,0]} 1. Nf3 d5 2. d4 Nf6 3. c4 e6 4. g3 Bb4+ 5. Nbd2 dxc4 6. Bg2 b5 7. a4 c6 8. Qc2 Bb7 9. O-O O-O {E04: Open Catalan: 5 Nf3} (9... Nbd7 10. b3 c3 11. Nb1 bxa4 12. bxa4 c5 13. Nxc3 cxd4 14. Nb5 O-O 15. Qb2 Qa5 16. Nfxd4 Bxg2 17. Kxg2 {½-½ (36) Li,C (2720)-Mamedyarov,S (2768) Doha 2016}) 10. Rd1 Nbd7 11. b3 c3 12. Nb1 $1 {LiveBook: 3 Games} c5 (12... bxa4 $15 13. Nxc3 axb3 14. Qxb3 a5) 13. Nxc3 $11 {[#]} cxd4 $146 ({Predecessor:} 13... bxa4 14. Nxa4 {1-0 (48) Ivanisevic,I (2603)-Prusikin,M (2533) Switzerland 2007}) 14. Nxb5 Rc8 15. Qa2 $1 Nd5 16. Ba3 e5 {[#]} 17. Bxb4 $2 (17. Nfxd4 $1 $16 {[%mdl 512] is necessary to keep the advantage.} Bxa3 (17... exd4 18. Bxd5) 18. Nf5) 17... Nxb4 $17 18. Qd2 Bxf3 $1 19. Bxf3 a5 $1 20. Rac1 Nc5 21. Qb2 {With the idea Na7.} Qe7 22. Qb1 e4 23. Rxc5 $1 Rxc5 (23... Qxc5 {keeps more tension.} 24. Bxe4 f5 25. Bg2 Rfd8 26. Bb7 Rb8) 24. Qxe4 Qxe4 25. Bxe4 f5 26. Bf3 Rd8 27. Nxd4 Nc2 28. e3 Nxd4 29. exd4 $15 {[%mdl 4096] Endgame KRR-KRB} Rc2 30. Kf1 Kf8 {[%mdl 1024] Black has compensation.} 31. Be2 Rc6 32. Bc4 Rcd6 33. Re1 Re8 34. Re5 (34. Rc1 $15) 34... Rxe5 $17 35. dxe5 {KR-KB} Rd2 36. h4 Ke7 (36... g6 $1 $17) 37. Kg2 $11 g6 38. Bg8 (38. Kf3 $11) 38... Kf8 39. Bc4 Ke7 40. Bg8 Kf8 41. Bc4 h6 $1 {[%cal Bh7h6,Bh6g5][%mdl 32]} 42. Kf3 Rd4 $1 43. Kg2 g5 $1 44. hxg5 hxg5 45. Be6 f4 46. gxf4 Rxf4 47. f3 Ke7 48. Bc4 Rf5 49. e6 Re5 50. Kg3 {[#]} Kf6 $1 51. Kg4 Re1 52. Kg3 Kf5 53. Kf2 Re5 {Threatens to win with ...Kf4.} 54. Kg3 Re3 55. Kf2 Kf4 56. Bd5 Re5 57. Bc4 Re3 58. Bd5 {Black must now prevent Be4.} Re5 59. Bc4 $1 {[#]} Re3 {Accuracy: White = 68%, Black = 66%.} (59... g4 $1 $17 {[%cal Rg4f3]} 60. fxg4 Kxg4) 1/2-1/2

[Event "SVK ECo-C Extraliga 2018-19"]
[Site "Slovakia"]
[Date "2018.12.09"]
[Round "4"]
[White "Pcola, Pavol"]
[Black "Gazik, Igor"]
[Result "1/2-1/2"]
[WhiteElo "2381"]
[BlackElo "2220"]
[Annotator "NA"]
[PlyCount "24"]
[EventDate "2018.11.10"]
[EventType "team-tourn"]
[EventCountry "SVK"]
[SourceTitle "playchess.com"]
[Source "ChessBase"]
[SourceQuality "1"]
[WhiteTeam "Snina"]
[BlackTeam "Podhajska"]
[TimeControl "40/5400+30:1800+30"]

1. c4 {[%emt 0:00:00]} g6 {[%emt 0:00:01]} 2. g3 {[%emt 0:00:00]} Bg7 {[%emt 0:00:07]} 3. Bg2 {[%emt 0:00:00]} e5 {[%emt 0:00:34]} 4. Nc3 {[%emt 0:00:00]} d6 {[%emt 0:00:10]} 5. Nf3 {[%emt 0:00:15]} Nf6 {[%emt 0:05:45]} 6. O-O {[%emt 0:01:18]} O-O {[%emt 0:00:06]} 7. d4 {[%emt 0:04:47]} Nbd7 {[%emt 0:01:57]} 8. b3 {[%emt 0:00:48]} Re8 {[%emt 0:03:05]} 9. e3 {[%emt 0:08:10]} c6 {[%emt 0:00:54]} 10. dxe5 {[%emt 0:03:19]} dxe5 {[%emt 0:00:26]} 11. Bb2 {[%emt 0:00:47]} e4 {[%emt 0:15:44]} 12. Nd4 Nc5 1/2-1/2

[Event "SVK ECo-C Extraliga 2018-19"]
[Site "Slovakia"]
[Date "2018.12.09"]
[Round "4"]
[White "Mikrut, Dariusz"]
[Black "Szegi, Tamas"]
[Result "1-0"]
[WhiteElo "2372"]
[BlackElo "2151"]
[Annotator "NA"]
[PlyCount "73"]
[EventDate "2018.11.10"]
[EventType "team-tourn"]
[EventCountry "SVK"]
[SourceTitle "playchess.com"]
[Source "ChessBase"]
[SourceQuality "1"]
[WhiteTeam "Prakovce"]
[BlackTeam "Komarno"]
[TimeControl "40/5400+30:1800+30"]

1. d4 {[%emt 0:00:00]} Nf6 {[%emt 0:00:32]} 2. c4 {[%emt 0:00:00]} g6 {[%emt 0:00:04]} 3. Nc3 {[%emt 0:00:00]} d5 {[%emt 0:00:04]} 4. Nf3 {[%emt 0:02:02]} Bg7 {[%emt 0:00:32]} 5. Bg5 {[%emt 0:02:08]} Ne4 {[%emt 0:03:40]} 6. cxd5 {[%emt 0:01:21]} ({Avoid the trap} 6. Nxd5 $2 Nxg5 7. Nxg5 e6 $19) 6... Nxc3 {[%emt 0:08:15]} 7. bxc3 {[%emt 0:00:08]} Qxd5 {[%emt 0:00:05]} 8. e3 {[%emt 0:10:20] LiveBook: 46 Games} c5 {[%emt 0:04:25]} 9. Be2 {[%emt 0:00:40]} Nc6 {[%emt 0:01:09]} 10. O-O {[%emt 0:01:26]} O-O {[%emt 0:04:28]} 11. Bh4 {[%emt 0:02:01]} cxd4 {[%emt 0:14:11]} 12. cxd4 {[%emt 0:00:26]} h6 {[%emt 0:16:37]} 13. Nd2 {[%emt 0:09:11]} e5 {[%emt 0:07:25]} 14. Bc4 {[%emt 0:08:15]} Qd7 {[%emt 0:02:08]} 15. d5 {[%emt 0:02:57]} Na5 {[%emt 0:01:20]} 16. e4 {[%emt 0:04:44]} f5 {[%emt 0:09:49]} 17. Be7 {[%emt 0:26:45]} Nxc4 {[%emt 0:09:11]} 18. Bxf8 {[%emt 0:00:09]} Nxd2 {[%emt 0:00:15]} 19. Bxg7 {[%emt 0:00:08]} Nxf1 {[%emt 0:00:08]} 20. Bxe5 {[%emt 0:01:37]} fxe4 {[%emt 0:02:06]} 21. Kxf1 {[%emt 0:07:42]} e3 {[%emt 0:01:11]} 22. Qd3 {[%emt 0:04:09]} Qf5 {[%emt 0:04:48]} 23. Qxe3 {[%emt 0:00:28]} Bd7 {[%emt 0:00:23]} 24. Kg1 {[%emt 0:01:25]} Re8 {[%emt 0:00:20]} 25. Re1 {[%emt 0:00:50]} a6 {[%emt 0:00:29]} 26. h3 {[%emt 0:00:06]} Kh7 {[%emt 0:01:12]} 27. f3 {[%emt 0:03:49]} Qc2 {[%emt 0:02:00]} 28. a3 {[%emt 0:04:59]} Qc4 {[%emt 0:01:17]} 29. d6 {[%emt 0:01:14]} Qd5 {[%emt 0:01:18]} 30. Kh2 {[%emt 0:00:34]} a5 {[%emt 0:01:04]} 31. Qf4 {[%emt 0:00:07]} Bf5 {[%emt 0:02:24]} 32. g4 {[%emt 0:01:31]} Rf8 {[%emt 0:00:51]} 33. Bc3 {[%emt 0:00:57]} Rc8 {[%emt 0:01:09]} 34. gxf5 {[%emt 0:02:03]} Rxc3 {[%emt 0:01:02]} 35. fxg6+ {[%emt 0:00:05]} Kxg6 {[%emt 0:00:16]} 36. Qg4+ {[%emt 0:00:18]} Kf6 {[%emt 0:00:41]} 37. Qh4+ {[%emt 0:00:39]} 1-0